000 00905nam a2200265 a 4500
001 51567
003 BD-RjUL
005 20211209075700.0
008 160831s1982 enka b 001 0 eng
020 _a0471099740 :
_c$41.00 (est.)
035 _a(BD-RjUL)51687
040 _aDLC
_cDLC
_dBD-RjUL
_beng
041 _aeng
082 0 0 _a519.5
_223
_bTOP 1982
100 1 _aToutenburg, Helge
_9154137
245 1 0 _aPrior information in linear models /
_cHelge Toutenburg
260 _aChichester ;
_aNew York :
_bWiley,
_cc1982
300 _aix, 215 p. :
_bill. ;
_c24 cm.
500 _a"A Wiley-Interscience publication."
504 _aBibliography: p. 207-212 and index
650 0 _aMathematical statistics.
_9154139
650 0 _aLinear models (Statistics)
_9119621
942 _2ddc
_cBK
999 _c51567
_d51567